[Event "Asia zt 3.3 (Women)"]
[Site "Jakarta"]
[Date "2023.05.08"]
[Round "4"]
[White "Fisabilillah, Ummi"]
[Black "Mak, Xiu Ning Charlene"]
[Result "1-0"]
[WhiteElo "2213"]
[BlackElo "1733"]
[PlyCount "93"]
[EventDate "2023.05.06"]
[EventType "swiss"]
[EventRounds "9"]
[EventCountry "INA"]
[SourceTitle "CBM 214 Extra"]
[Source "ChessBase"]
[SourceDate "2023.07.31"]
[SourceVersion "1"]
[SourceVersionDate "2023.07.31"]
[SourceQuality "1"]

1. e4 c5 2. Nf3 Nc6 3. Bc4 g6 4. c3 Bg7 5. d4 cxd4 6. cxd4 d6 7. h3 Nf6 8. Nc3 0-0 9. Bb3 a6 10. 0-0 Na5 11. Bc2 b5 12. d5 Nd7 13. Nd4 Qc7 14. Nce2 Nb6 15. b3 Bd7 16. Bg5 Rfe8 17. Rc1 Rac8 18. Bd3 Qb8 19. Be3 Na8 20. Qd2 Nb7 21. Bg5 Nc5 22. Bb1 Nb6 23. Bh6 Rc7 24. h4 Qd8 25. Nf3 Bc8 26. Ned4 Bb7 27. Rfe1 Qb8 28. h5 Ncd7 29. Bxg7 Kxg7 30. Ng5 Nf8 31. Qf4 e5 32. dxe6 fxe6 33. Rxc7+ Qxc7 34. Qxf8+ Kxf8 35. Ngxe6+ Kf7 36. hxg6+ hxg6 37. Nxc7 Re7 38. Nce6 Rxe6 39. Nxe6 Kxe6 40. Rc1 Kd7 41. f3 a5 42. Kf2 b4 43. Bd3 Kd8 44. Ke3 Nd7 45. Kd4 Nc5 46. Rxc5 dxc5+ 47. Kxc5 1-0

[Event "SEA Blitz (Women) Team 31st"]
[Site "Ha Long"]
[Date "2022.05.21"]
[Round "1.2"]
[White "Mendoza, Shania Mae"]
[Black "Fisabilillah, Ummi"]
[Result "0-1"]
[WhiteElo "2135"]
[BlackElo "2213"]
[PlyCount "96"]
[EventDate "2022.05.21"]
[EventType "team-tourn (blitz)"]
[EventRounds "5"]
[EventCountry "VIE"]
[SourceTitle "CBM 208 Extra"]
[Source "ChessBase"]
[SourceDate "2022.07.31"]
[SourceVersion "1"]
[SourceVersionDate "2022.07.31"]
[SourceQuality "1"]
[WhiteTeam "Philippines"]
[BlackTeam "Indonesia"]
[WhiteTeamCountry "PHI"]
[BlackTeamCountry "INA"]

1. e4 g6 2. d4 Bg7 3. Nc3 c6 4. Nf3 d5 5. h3 dxe4 6. Nxe4 Nf6 7. Bd3 0-0 8. Qe2 Nbd7 9. Bd2 Qc7 10. 0-0-0 a5 11. g4 Nd5 12. Kb1 Nf4 13. Bxf4 Qxf4 14. Qe3 Qc7 15. h4 e5 16. dxe5 Nxe5 17. g5 Ng4 18. Qd2 Qb6 19. c3 Bf5 20. Rdf1 Rad8 21. Qc2 Rfe8 22. Nfd2 Ne5 23. Nf6+ Bxf6 24. Bxf5 Bg7 25. Be4 Rxd2 26. Qxd2 Nc4 27. Qc2 Na3+ 28. Kc1 Nxc2 29. Bxc2 Re2 30. f4 Qe3+ 31. Kb1 Qd2 32. Rc1 Qxf4 33. Rhf1 Qxh4 34. Bb3 Re7 35. Rcd1 Qxg5 36. Rd8+ Bf8 37. Rfd1 Kg7 38. a3 h5 39. R8d2 h4 40. Rf2 h3 41. Rdf1 f5 42. Rh1 Qg3 43. Rfh2 Re3 44. Bc2 Bd6 45. Rd2 h2 46. Ka2 Re1 47. Rdxh2 Qxh2 48. Rxh2 Bxh2 0-1

[Event "SEA Rapid (Women) Team 31st"]
[Site "Ha Long"]
[Date "2022.05.18"]
[Round "3.2"]
[White "Fisabilillah, Ummi"]
[Black "San Diego, Marie Antoinette"]
[Result "1/2-1/2"]
[WhiteElo "2213"]
[BlackElo "2075"]
[PlyCount "68"]
[EventDate "2022.05.18"]
[EventType "team (rapid)"]
[EventRounds "5"]
[EventCountry "VIE"]
[SourceTitle "CBM 208 Extra"]
[Source "ChessBase"]
[SourceDate "2022.07.31"]
[SourceVersion "1"]
[SourceVersionDate "2022.07.31"]
[SourceQuality "1"]
[WhiteTeam "Indonesia"]
[BlackTeam "Philippines"]
[WhiteTeamCountry "INA"]
[BlackTeamCountry "PHI"]

1. e4 g6 2. d4 Bg7 3. Nf3 d6 4. h3 a6 5. a4 Nc6 6. Be3 e5 7. Nc3 Nge7 8. Be2 0-0 9. 0-0 h6 10. Qd2 Kh7 11. Rad1 f5 12. dxe5 dxe5 13. Bc5 Qxd2 14. Rxd2 fxe4 15. Nxe4 Bf5 16. Ng3 e4 17. Nd4 Nxd4 18. Bxd4 Rfd8 19. Rfd1 Nc6 20. Bxg7 Kxg7 21. Nf1 Rxd2 22. Rxd2 Rd8 23. Rxd8 Nxd8 24. Ne3 Be6 25. Kf1 Kf6 26. Ke1 Ke5 27. Kd2 Nc6 28. b3 Nd4 29. Bg4 h5 30. Bd1 b5 31. Nf1 a5 32. Ne3 Kf4 33. Nf1 Ke5 34. Ne3 Kf4 1/2-1/2

[Event "Sitges Sunway op 8th"]
[Site "Sitges"]
[Date "2021.12.21"]
[Round "8"]
[White "Kenneskog, Theodor"]
[Black "Fisabilillah, Ummi"]
[Result "0-1"]
[WhiteElo "2307"]
[BlackElo "2159"]
[PlyCount "80"]
[EventDate "2021.12.13"]
[EventType "swiss"]
[EventRounds "10"]
[EventCountry "ESP"]
[SourceTitle "CBM 205 Extra"]
[Source "ChessBase"]
[SourceDate "2022.01.31"]
[SourceVersion "1"]
[SourceVersionDate "2022.01.31"]
[SourceQuality "1"]

1. e4 e6 2. d4 d5 3. Nc3 Bb4 4. e5 b6 5. h4 Qd7 6. h5 h6 7. Qg4 Bf8 8. b4 Ne7 9. Nf3 c6 10. Rb1 Qc7 11. Bd3 Nd7 12. Bd2 a6 13. Ne2 b5 14. Qf4 Nb6 15. g4 Nc4 16. g5 a5 17. Ng3 Nxd2 18. Kxd2 axb4 19. Rh4 Rxa2 20. g6 Bd7 21. gxf7+ Kd8 22. Rhh1 Qa5 23. Ke3 Qa7 24. Nh4 c5 25. dxc5 Qxc5+ 26. Kf3 Bc6 27. Rhf1 b3 28. cxb3 Qc3 29. Rbd1 Qxb3 30. Qd4 Kc7 31. Ra1 Rd2 32. Ra7+ Bb7 33. Rc1+ Nc6 34. Ke3 Bb4 35. Ng6 Rb8 36. Ne2 Rd1 37. Rxc6+ Kxc6 38. f8Q Rxf8 39. Nxf8 Bxf8 40. Nc3 Rxd3+ 0-1

[Event "Sitges Sunway op 8th"]
[Site "Sitges"]
[Date "2021.12.17"]
[Round "5"]
[White "Fisabilillah, Ummi"]
[Black "Ali, Muhammad Lutfi"]
[Result "1/2-1/2"]
[WhiteElo "2159"]
[BlackElo "2399"]
[PlyCount "62"]
[EventDate "2021.12.13"]
[EventType "swiss"]
[EventRounds "10"]
[EventCountry "ESP"]
[SourceTitle "CBM 205 Extra"]
[Source "ChessBase"]
[SourceDate "2022.01.31"]
[SourceVersion "1"]
[SourceVersionDate "2022.01.31"]
[SourceQuality "1"]

1. e4 g6 2. d4 Bg7 3. Nf3 c6 4. Nc3 d5 5. h3 dxe4 6. Nxe4 Nf6 7. Bd3 Nxe4 8. Bxe4 Nd7 9. 0-0 0-0 10. Be3 c5 11. c3 cxd4 12. Nxd4 Nf6 13. Bf3 a6 14. a4 e5 15. Nb3 e4 16. Be2 Nd5 17. Bd4 Nf4 18. Bxg7 Kxg7 19. Qd4+ Qxd4 20. Nxd4 Nxe2+ 21. Nxe2 Be6 22. Rfd1 Rfd8 23. Nd4 Bd5 24. Rd2 Kf6 25. Kf1 Bc4+ 26. Ke1 Ke7 27. Rad1 f5 28. b3 Bf7 29. c4 Kf6 30. Nc2 Rxd2 31. Rxd2 Be6 1/2-1/2

[Event "Sitges Sunway op 8th"]
[Site "Sitges"]
[Date "2021.12.15"]
[Round "3"]
[White "Fisabilillah, Ummi"]
[Black "Heinemann, Josefine"]
[Result "1/2-1/2"]
[WhiteElo "2159"]
[BlackElo "2369"]
[PlyCount "70"]
[EventDate "2021.12.13"]
[EventType "swiss"]
[EventRounds "10"]
[EventCountry "ESP"]
[SourceTitle "CBM 205 Extra"]
[Source "ChessBase"]
[SourceDate "2022.01.31"]
[SourceVersion "1"]
[SourceVersionDate "2022.01.31"]
[SourceQuality "1"]

1. e4 c5 2. Nf3 d6 3. c3 Nf6 4. Bd3 g6 5. 0-0 Bg7 6. Bc2 0-0 7. h3 Nc6 8. d4 Qc7 9. Re1 Nd7 10. Be3 a6 11. Nbd2 b5 12. Nf1 Bb7 13. Rc1 a5 14. Qd2 e5 15. Bh6 Nb6 16. Bd3 c4 17. Bc2 Rfe8 18. Ng3 f6 19. Be3 a4 20. a3 Rad8 21. d5 Ne7 22. Nh2 Rf8 23. Bh6 Bxh6 24. Qxh6 Kh8 25. Nf3 Ng8 26. Qd2 Nd7 27. Rf1 Nc5 28. Rcd1 Qg7 29. Nh2 Qh6 30. f4 Bc8 31. Rf2 Ne7 32. Rdf1 Kg8 33. Qe2 Qh5 34. Qe3 Qh6 35. Qe2 Qh4 1/2-1/2

[Event "Asian University (Women)"]
[Site "Tornelo INT"]
[Date "2021.09.03"]
[Round "1"]
[White "Fisabilillah, Ummi"]
[Black "Al Maamari, Wafia Darwish"]
[Result "1-0"]
[WhiteElo "2159"]
[BlackElo "1974"]
[PlyCount "107"]
[EventDate "2021.09.03"]
[EventType "swiss (rapid)"]
[EventRounds "9"]
[EventCountry "NET"]
[SourceTitle "CBM 204 Extra"]
[Source "ChessBase"]
[SourceDate "2021.11.30"]
[SourceVersion "1"]
[SourceVersionDate "2021.11.30"]
[SourceQuality "1"]

1. e4 c5 2. Nf3 Nc6 3. Bb5 g6 4. 0-0 Bg7 5. Bxc6 dxc6 6. h3 e5 7. d3 Ne7 8. Be3 b6 9. a4 0-0 10. Nc3 f5 11. exf5 Nxf5 12. Bg5 Qc7 13. Ne4 Nd4 14. Nfd2 Bd7 15. Nc4 h6 16. Be7 Rf7 17. Bd6 Qd8 18. Nxe5 Bxe5 19. Bxe5 Qe7 20. Bg3 Nf5 21. Qd2 Kh7 22. Rae1 Be6 23. Qe2 Re8 24. Qd2 Nd4 25. Nd6 Ref8 26. Nxf7 Qxf7 27. Qe3 Re8 28. Qc1 g5 29. Re3 Nf5 30. Re4 Rf8 31. Qe1 Bd5 32. Re5 Qg7 33. c3 g4 34. hxg4 Qxg4 35. Qe2 Qg6 36. c4 Bf7 37. Qe4 Bg8 38. Re1 Qg5 39. Bf4 Qg4 40. Bd2 Qg6 41. Bc3 h5 42. Re8 Rf7 43. Qe5 Ng7 44. Re7 h4 45. Rxf7 Bxf7 46. Qxg7+ Qxg7 47. Bxg7 Kxg7 48. f3 Bg6 49. Rd1 Kf6 50. Kf2 Ke5 51. Ke3 Be8 52. Rh1 b5 53. axb5 cxb5 54. Rxh4 1-0

[Event "Asian University (Women)"]
[Site "Tornelo INT"]
[Date "2021.09.03"]
[Round "2"]
[White "Nithyalakshmi, Sivanesan"]
[Black "Fisabilillah, Ummi"]
[Result "1-0"]
[WhiteElo "1945"]
[BlackElo "2159"]
[PlyCount "123"]
[EventDate "2021.09.03"]
[EventType "swiss (rapid)"]
[EventRounds "9"]
[EventCountry "NET"]
[SourceTitle "CBM 204 Extra"]
[Source "ChessBase"]
[SourceDate "2021.11.30"]
[SourceVersion "1"]
[SourceVersionDate "2021.11.30"]
[SourceQuality "1"]

1. e4 e6 2. d4 d5 3. exd5 exd5 4. c4 Nf6 5. Nc3 Be7 6. Nf3 0-0 7. Bd3 dxc4 8. Bxc4 Bg4 9. Be3 Nbd7 10. h3 Bh5 11. 0-0 Nb6 12. Be2 Nbd5 13. Bd2 Re8 14. Re1 c6 15. Qb3 Qb6 16. Nxd5 Nxd5 17. Qxb6 axb6 18. g4 Bg6 19. Ne5 Bb4 20. Bxb4 Nxb4 21. Nxg6 hxg6 22. Bc4 b5 23. Bb3 Nd3 24. Rxe8+ Rxe8 25. Kf1 Nxb2 26. Rc1 Nd3 27. Rc3 Re1+ 28. Kg2 Nf4+ 29. Kf3 Nxh3 30. d5 g5 31. dxc6 bxc6 32. Rxc6 Re7 33. Rc8+ Kh7 34. Rb8 Ng1+ 35. Kg2 Ne2 36. Rxb5 Nf4+ 37. Kf3 f6 38. a4 Ne2 39. Rb4 Nf4 40. a5 Ra7 41. Ra4 g6 42. Bc4 Kg7 43. a6 f5 44. Rb4 Kf6 45. Rb7 Ra8 46. a7 Ke5 47. Rd7 Rc8 48. Kg3 Ra8 49. Bb5 Rh8 50. Bf1 Rc8 51. Bb5 Rh8 52. f3 Rh3+ 53. Kf2 Rh2+ 54. Kg1 Rg2+ 55. Kf1 Ra2 56. Bc6 Ra1+ 57. Kf2 Ra2+ 58. Ke1 Ng2+ 59. Kd1 Ne3+ 60. Kc1 Ke6 61. Rd4 Nc2 62. Ra4 1-0

[Event "Asian Online (Women)"]
[Site "Tornelo INT"]
[Date "2021.08.24"]
[Round "6"]
[White "Fisabilillah, Ummi"]
[Black "Gomes, Mary Ann"]
[Result "1/2-1/2"]
[WhiteElo "2159"]
[BlackElo "2354"]
[PlyCount "99"]
[EventDate "2021.08.23"]
[EventType "swiss (rapid)"]
[EventRounds "9"]
[EventCountry "NET"]
[SourceTitle "CBM 204 Extra"]
[Source "ChessBase"]
[SourceDate "2021.11.30"]
[SourceVersion "1"]
[SourceVersionDate "2021.11.30"]
[SourceQuality "1"]

1. e4 c5 2. Nf3 d6 3. Bb5+ Bd7 4. Bxd7+ Qxd7 5. c4 Nc6 6. 0-0 g6 7. d4 cxd4 8. Nxd4 Bg7 9. Be3 Nf6 10. f3 0-0 11. Nc3 Rfc8 12. Nde2 Qd8 13. Rc1 a6 14. Qd2 Nd7 15. Rfd1 b5 16. Nd5 bxc4 17. Rxc4 Nce5 18. Rxc8 Rxc8 19. b3 Nf6 20. Nxf6+ Bxf6 21. Nf4 Nd7 22. Nd5 Bg7 23. Rc1 Bf8 24. Rxc8 Qxc8 25. Qc1 Qxc1+ 26. Bxc1 Nc5 27. Be3 Nb7 28. Kf1 f5 29. Ke2 Kf7 30. Kd3 e6 31. Nc7 a5 32. Kc4 Ke7 33. Kb5 Kd7 34. Kb6 Nd8 35. Bd2 fxe4 36. fxe4 Bg7 37. Bxa5 Be5 38. Na6 Bxh2 39. Nb8+ Kc8 40. Nc6 Bg1+ 41. Kb5 Nb7 42. Bb6 Bxb6 43. Kxb6 Nc5 44. b4 Nxe4 45. a4 Nc3 46. a5 Nd5+ 47. Ka7 Nc3 48. Kb6 Nd5+ 49. Ka7 Nc3 50. Kb6 1/2-1/2

[Event "Asian Online (Women)"]
[Site "Tornelo INT"]
[Date "2021.08.24"]
[Round "5"]
[White "Punsalan, Vyanla M"]
[Black "Fisabilillah, Ummi"]
[Result "0-1"]
[WhiteElo "1945"]
[BlackElo "2159"]
[PlyCount "58"]
[EventDate "2021.08.23"]
[EventType "swiss (rapid)"]
[EventRounds "9"]
[EventCountry "NET"]
[SourceTitle "CBM 204 Extra"]
[Source "ChessBase"]
[SourceDate "2021.11.30"]
[SourceVersion "1"]
[SourceVersionDate "2021.11.30"]
[SourceQuality "1"]

1. e4 e6 2. d4 d5 3. Nc3 Bb4 4. e5 b6 5. a3 Bf8 6. Qg4 Qd7 7. Nf3 Ne7 8. h4 h6 9. Bd3 Ba6 10. Bd2 Bxd3 11. cxd3 Nf5 12. Qf4 Nc6 13. h5 Be7 14. Rc1 0-0-0 15. g4 Nfxd4 16. Nxd4 Bg5 17. Ncb5 Bxf4 18. Rxc6 Bxe5 19. Bb4 Bxd4 20. Nxd4 Kb7 21. f4 e5 22. fxe5 Rhe8 23. Kd2 Qxg4 24. Rhc1 Qf4+ 25. Kd1 Qxd4 26. Rxc7+ Ka6 27. R1c3 Qxe5 28. a4 d4 29. Ra3 Qxc7 0-1

[Event "Asian Online (Women)"]
[Site "Tornelo INT"]
[Date "2021.08.23"]
[Round "3"]
[White "Arpita, Mukherjee"]
[Black "Fisabilillah, Ummi"]
[Result "1-0"]
[WhiteElo "2206"]
[BlackElo "2159"]
[PlyCount "61"]
[EventDate "2021.08.23"]
[EventType "swiss (rapid)"]
[EventRounds "9"]
[EventCountry "NET"]
[SourceTitle "CBM 204 Extra"]
[Source "ChessBase"]
[SourceDate "2021.11.30"]
[SourceVersion "1"]
[SourceVersionDate "2021.11.30"]
[SourceQuality "1"]

1. e4 c6 2. d4 d5 3. e5 c5 4. dxc5 Nc6 5. Nf3 Bg4 6. c3 e6 7. Be3 Bxf3 8. Qxf3 Nxe5 9. Bb5+ Nc6 10. c4 Nf6 11. Nc3 Be7 12. 0-0-0 0-0 13. cxd5 exd5 14. Nxd5 Nxd5 15. Qxd5 Qa5 16. Bxc6 bxc6 17. Qc4 Rab8 18. Bd4 Rb5 19. Kb1 Rfb8 20. Rhe1 Bxc5 21. Bc3 Qb6 22. Re2 Qb7 23. a4 Rb3 24. Qxc5 h6 25. Qd4 f6 26. Rde1 Qf7 27. Re7 Qg6+ 28. Ka2 Qc2 29. Qc4+ Kh7 30. Rxg7+ Kxg7 31. Bxf6+ 1-0

[Event "Titled Tuesday intern op 20th July"]
[Site "Chess.com INT"]
[Date "2021.07.20"]
[Round "6"]
[White "Fisabilillah, Ummi"]
[Black "Langner, Ladislav"]
[Result "0-1"]
[WhiteElo "2159"]
[BlackElo "2380"]
[PlyCount "49"]
[EventDate "2021.07.20"]
[EventType "swiss (blitz)"]
[EventRounds "11"]
[EventCountry "USA"]
[SourceTitle "CBM 203 Extra"]
[Source "ChessBase"]
[SourceDate "2021.09.30"]
[SourceVersion "1"]
[SourceVersionDate "2021.09.30"]
[SourceQuality "1"]

1. d4 Nf6 2. Nf3 g6 3. c4 Bg7 4. Nc3 d5 5. Bf4 0-0 6. e3 c5 7. Be2 cxd4 8. Nxd4 Nc6 9. Nxc6 bxc6 10. 0-0 Be6 11. Qa4 Qb6 12. Qc2 dxc4 13. Na4 Qb4 14. Be5 Qb5 15. Bd4 Rfc8 16. Nc5 Bd5 17. Rac1 e5 18. a4 Qa5 19. b4 cxb3 20. Nxb3 Bxb3 21. Qxb3 exd4 22. exd4 Rab8 23. Qa2 Nd5 24. Rc5 Qb4 25. Rc4 0-1

[Event "Titled Tuesday intern op 20th July"]
[Site "Chess.com INT"]
[Date "2021.07.20"]
[Round "3"]
[White "Fisabilillah, Ummi"]
[Black "Mohammad Fahad, Rahman"]
[Result "1-0"]
[WhiteElo "2159"]
[BlackElo "2339"]
[PlyCount "119"]
[EventDate "2021.07.20"]
[EventType "swiss (blitz)"]
[EventRounds "11"]
[EventCountry "USA"]
[SourceTitle "CBM 203 Extra"]
[Source "ChessBase"]
[SourceDate "2021.09.30"]
[SourceVersion "1"]
[SourceVersionDate "2021.09.30"]
[SourceQuality "1"]

1. d4 Nf6 2. c4 e6 3. Nf3 d5 4. cxd5 exd5 5. Nc3 a6 6. Qc2 Be6 7. Bg5 Nbd7 8. e3 Bd6 9. Bd3 h6 10. Bh4 0-0 11. 0-0 c5 12. dxc5 Nxc5 13. Bf5 Rc8 14. Nd4 Be7 15. Qe2 Qd7 16. Nxe6 fxe6 17. Bh3 Nfe4 18. Nxe4 Bxh4 19. Nxc5 Rxc5 20. Qg4 Bf6 21. Rab1 Rc6 22. Rfd1 Qd6 23. g3 Qe5 24. Bf1 Bg5 25. Qe2 Qe4 26. Bg2 Qf5 27. f4 Bd8 28. e4 dxe4 29. Bxe4 Qc5+ 30. Kg2 Rd6 31. Bxb7 Bf6 32. Rxd6 Qxd6 33. Rd1 Qb6 34. Bf3 Re8 35. b3 e5 36. Qc4+ Kh8 37. fxe5 Bxe5 38. Qf7 Qb8 39. Rd7 Qc8 40. Rd2 Rf8 41. Qd5 Bf6 42. Qe4 Qc3 43. Rc2 Qa1 44. Qd3 Bg5 45. Re2 Bd8 46. Qe4 Qf6 47. h4 Bb6 48. Qg4 Qf7 49. Qe4 Qf6 50. Qg4 Qc3 51. Qe4 Qc5 52. h5 Qg1+ 53. Kh3 Qf1+ 54. Bg2 Qc1 55. Qg6 Qc8+ 56. Qg4 Qe8 57. Rxe8 Rxe8 58. Qg6 Rb8 59. Qd6 Rb7 60. Bxb7 1-0

[Event "Titled Tuesday intern op 20th July"]
[Site "Chess.com INT"]
[Date "2021.07.20"]
[Round "4"]
[White "Siniauski, Artsiom"]
[Black "Fisabilillah, Ummi"]
[Result "1-0"]
[WhiteElo "2320"]
[BlackElo "2159"]
[PlyCount "53"]
[EventDate "2021.07.20"]
[EventType "swiss (blitz)"]
[EventRounds "11"]
[EventCountry "USA"]
[SourceTitle "CBM 203 Extra"]
[Source "ChessBase"]
[SourceDate "2021.09.30"]
[SourceVersion "1"]
[SourceVersionDate "2021.09.30"]
[SourceQuality "1"]

1. e4 e6 2. d4 d5 3. Nc3 Bb4 4. e5 b6 5. Qg4 Bf8 6. Rb1 Qd7 7. f4 Ne7 8. Bb5 c6 9. Bd3 Ba6 10. Nge2 c5 11. Bxa6 Nxa6 12. 0-0 Nf5 13. Qf3 cxd4 14. Nd1 h5 15. Nf2 Nb4 16. Qb3 Rc8 17. Bd2 Nc6 18. Nd3 Bc5 19. a4 Nce7 20. a5 Ne3 21. Bxe3 dxe3 22. Nxc5 Rxc5 23. axb6 axb6 24. Qxb6 Rxc2 25. Qxe3 Nf5 26. Qd3 Rc8 27. b4 1-0